| 000 | 01387nam a2200253Ia 4500 | ||
|---|---|---|---|
| 000 | 01645naaa 00313uu | ||
| 001 | https://directory.doabooks.org/handle/20.500.12854/56133 | ||
| 005 | 20260218105913.0 | ||
| 008 | 211013s9999 xx 000 0 und d | ||
| 020 | _a9781838806101 | ||
| 024 | _a10.5772/intechopen.78419 | ||
| 042 | _adc | ||
| 100 | 1 | _aAreej Al-Taweel | |
| 245 | 0 | _aPharmacognosy - Medicinal Plants | |
| 260 |
_bIntechOpen _c2019 |
||
| 300 | _a1 electronic resource (320 p.) | ||
| 520 | _aPharmacognosy is a term derived from the Greek words for drug (pharmakon) and knowledge (gnosis). It is a field of study within Chemistry focused on natural products isolated from different sources and their biological activities. Research on natural products began more than a hundred years ago and has continued up to now with a plethora of research groups discovering new ideas and novel active constituents. This book compiles the latest research in the field and will be of interest to scientists, researchers, and students. | ||
| 540 | _aAll rights reserved | ||
| 653 | _aToxicology and Pharmaceutical Science | ||
| 700 | 1 | _aShagufta Perveen | |
| 856 |
_uhttps://docs.google.com/spreadsheets/d/1yKIrdCPDAG_9c22mwoOIO2DOhtj65Wqa/edit?usp=sharing&ouid=106555315294820607512&rtpof=true&sd=true _yList of Curated E-Books |
||
| 942 | _cE-BOOK | ||
| 999 |
_c51059 _d51059 |
||